Countries Bordering China - Sudden Death - Statistics

General Stats
  • This quiz has been taken 18 times
  • The average score is 8 of 14
Answers on the Grid
Answers color-coded by a green-red scale on the quiz's grid according to % correct below.
India
Nepal
Bhutan
Myanmar
Laos
Vietnam
North Korea
Russia
Pakistan
Afghanistan
Tajikistan
Kyrgyzstan
Kazakhstan
Mongolia
South Korea
Japan
Thailand
Malaysia
Singapore
Taiwan
Bangladesh
Uzbekistan
Turkmenistan
Iran
Indonesia
Cambodia
Brunei
Philippines
 
Answer Stats
Answer % Correct
Russia
80%
Nepal
67%
North Korea
67%
Mongolia
60%
Pakistan
60%
India
53%
Kazakhstan
53%
Vietnam
53%
Afghanistan
47%
Bhutan
47%
Kyrgyzstan
47%
Laos
47%
Myanmar
47%
Tajikistan
47%
No matching quizzes found
Score Distribution
Percent of People with Each Score
Percentile by Number Answered
Your Score History
You have not taken this quiz